[Event "Open Integrale Autunno"]
[Site "Milano ITA"]
[Date "2015.09.17"]
[Round "2"]
[White "Maccari, Piergiuseppe"]
[Black "Del Frate, Walter"]
[WhiteElo "1831"]
[BlackElo "1461"]
[Result "1-0"]
[PlyCount "63"]
[EventDate "2015.09.15"]

1. Nf3 d5 2. g3 Nf6 3. Bg2 c5 4. O-O Nc6 5. d4 e6 6. c4 dxc4 7. Qa4 cxd4 8.
Nxd4 Bd7 9. Nxc6 bxc6 10. Nc3 Be7 11. Qxc4 O-O 12. Rd1 Rc8 13. e4 e5 14. h3 Qc7
15. Be3 Qb7 16. Rd2 Be6 17. Qa4 Nd7 18. Qxa7 Qxa7 19. Bxa7 Ra8 20. Be3 Nf6 21.
f4 exf4 22. gxf4 Bb4 23. e5 Bxc3 24. bxc3 Nd5 25. Bc5 Rfc8 26. Rf2 Bf5 27. c4
Nc3 28. Bd6 Ne4 29. Rb2 Rd8 30. c5 Nxc5 31. Bxc5 Ra4 32. Rf1 1-0

[Event "Open Integrale Autunno"]
[Site "Milano ITA"]
[Date "2015.09.17"]
[Round "2"]
[White "Ramirez Rivera, Elias Antonio"]
[Black "Pelizzola, Danilo"]
[WhiteElo "1704"]
[BlackElo "2041"]
[Result "0-1"]
[PlyCount "108"]
[EventDate "2015.09.15"]

1. e4 c5 2. Nf3 Nc6 3. g3 d6 4. Bg2 Nf6 5. d3 g6 6. Nbd2 Bg7 7. O-O O-O 8. c3
e5 9. Re1 Qc7 10. Nf1 Bd7 11. Bg5 h6 12. Be3 Rae8 13. h3 b6 14. N3h2 Qc8 15. g4
Kh7 16. Ng3 Ng8 17. Nhf1 Rd8 18. Bd2 Be6 19. Ne3 Nce7 20. c4 Nc6 21. Bc3 Nd4
22. Rf1 Bd7 23. Bxd4 exd4 24. Nd5 Rde8 25. b4 Ne7 26. Nxe7 Rxe7 27. b5 Ree8 28.
a4 a5 29. Ra2 Qd8 30. Qf3 Be5 31. Qd1 Qh4 32. Kh2 h5 33. f4 Bg7 34. gxh5 Bh6
35. Raf2 gxh5 36. Qxh5 Qxh5 37. Nxh5 f5 38. Ng3 Re7 39. exf5 Re3 40. Be4 Kh8
41. Rf3 Rxf3 42. Rxf3 Bg7 43. h4 Bf6 44. Kh3 Kh7 45. Rf2 Kh6 46. Re2 Re8 47.
Bf3 Re3 48. Rxe3 dxe3 49. Kg4 Be8 50. Kh3 Bd7 51. Bg4 Be7 52. Ne4 Bxf5 53. Bxf5
e2 54. Ng3 e1=Q 0-1

[Event "Open Integrale Autunno"]
[Site "Milano ITA"]
[Date "2015.09.17"]
[Round "2"]
[White "Spada, Maurizio"]
[Black "Nicolo', Filippo"]
[WhiteElo "1611"]
[BlackElo "2030"]
[Result "0-1"]
[PlyCount "90"]
[EventDate "2015.09.15"]

1. e4 e6 2. d4 d5 3. exd5 exd5 4. Nf3 Nc6 5. c3 Bd6 6. Bd3 Nge7 7. O-O Bg4 8.
Bg5 f6 9. Be3 Qd7 10. Nbd2 O-O-O 11. b4 Ng6 12. Qa4 Kb8 13. b5 Nce7 14. c4 dxc4
15. Bxc4 Bf4 16. Qb3 Bd6 17. a4 Nf4 18. b6 cxb6 19. a5 Nc8 20. a6 Be6 21. d5
Nxd5 22. axb7 Qxb7 23. Ba6 Qd7 24. Bb5 Nxe3 25. Qa4 Nxf1 26. Bxd7 Bxd7 27. Qa2
Nxd2 28. Nxd2 Rhe8 29. Nc4 Bc5 30. Qc2 g6 31. Qc3 Bf5 32. h3 Bd4 33. Qg3+ Be5
34. Nxe5 Rxe5 35. Rc1 h5 36. Qc3 Rc5 37. Qg3+ Rd6 38. Rd1 Rcc6 39. Qf4 Kb7 40.
Ra1 a5 41. Qh4 Rd7 42. Qf4 Ne7 43. Qe3 Nd5 44. Qb3 Nb4 45. Qe3 Nc2 0-1

[Event "Open Integrale Autunno"]
[Site "Milano ITA"]
[Date "2015.09.17"]
[Round "2"]
[White "Tassini, Marco"]
[Black "Mina, N. Mina"]
[WhiteElo "1813"]
[BlackElo "2166"]
[Result "0-1"]
[PlyCount "94"]
[EventDate "2015.09.15"]

1. e4 e5 2. f4 exf4 3. Nf3 Nf6 4. Nc3 d5 5. exd5 Nxd5 6. Nxd5 Qxd5 7. d4 Bd6 8.
Be2 O-O 9. O-O Bg4 10. c4 Qe4 11. Kh1 Nc6 12. c5 Be7 13. Bd3 Qd5 14. Bxf4 Rad8
15. Qc2 g6 16. Be4 Nxd4 17. Nxd4 Qxd4 18. Bh6 Rfe8 19. c6 Bb4 20. Qb3 Be6 21.
Qf3 f5 22. Bc2 Bd5 23. Bb3 bxc6 24. Rad1 Qe4 25. Qf2 Bxb3 26. Rxd8 Rxd8 27.
axb3 Bd6 28. Re1 Bb4 29. Rf1 Qd3 30. Rc1 Qd1+ 31. Rxd1 Rxd1+ 32. Qg1 Rxg1+ 33.
Kxg1 Kf7 34. Kf1 Bd6 35. h3 Be5 36. Bc1 Ke6 37. Ke2 Kd5 38. Kf3 a6 39. g4 c5
40. gxf5 gxf5 41. Bf4 Bxf4 42. Kxf4 Ke6 43. h4 h6 44. Kf3 Ke5 45. Ke3 f4+ 46.
Kf3 Kf5 47. b4 c4 0-1

[Event "Open Integrale Autunno"]
[Site "Milano ITA"]
[Date "2015.09.22"]
[Round "3"]
[White "Arena, Ignazio"]
[Black "Ramirez Rivera, Elias Antonio"]
[WhiteElo "1490"]
[BlackElo "1704"]
[Result "0-1"]
[PlyCount "104"]
[EventDate "2015.09.15"]

1. d4 Nf6 2. c4 e6 3. Nf3 Bb4+ 4. Bd2 Qe7 5. Nc3 Bxc3 6. Bxc3 Ne4 7. e3 Nxc3 8.
bxc3 d6 9. Be2 b6 10. O-O O-O 11. Re1 Ba6 12. Qc2 Nc6 13. Rad1 Na5 14. Nd2 Qe8
15. e4 Qc6 16. d5 Qd7 17. Bd3 e5 18. Rf1 Nb7 19. f4 exf4 20. Rxf4 Nc5 21. Be2
Rae8 22. Bg4 Qe7 23. Rdf1 Bc8 24. Bxc8 Rxc8 25. Nb3 Nd7 26. Nd4 Ne5 27. Qa4 a5
28. Nf5 Qe8 29. Qb3 g6 30. Nh6+ Kg7 31. Ng4 Nd3 32. Nf6 Qe7 33. Rg4 Ne5 34.
Rgf4 Nd7 35. Ng4 Rce8 36. Qb1 h5 37. Nf2 Ne5 38. Qb3 Qd7 39. Qb5 Re7 40. Qb3 a4
41. Qb4 Ra8 42. Rd1 Qe8 43. Rd4 Ra5 44. Qb1 Rc5 45. Qf1 Ra5 46. Qd1 a3 47. Nd3
Qa4 48. Qxa4 Rxa4 49. Nb4 Ra5 50. Kf1 Rc5 51. Nd3 Nxd3 52. Rxd3 Rxc4 0-1

[Event "Open Integrale Autunno"]
[Site "Milano ITA"]
[Date "2015.09.22"]
[Round "3"]
[White "Colica, Daniele"]
[Black "Bonghi, Fabrizio"]
[WhiteElo "1660"]
[BlackElo "1471"]
[Result "1-0"]
[PlyCount "41"]
[EventDate "2015.09.15"]

1. e4 c5 2. Nf3 d6 3. d4 cxd4 4. Qxd4 Nc6 5. Bb5 Bd7 6. Bxc6 Bxc6 7. Nc3 Nf6 8.
Bg5 e5 9. Qc4 Be7 10. O-O-O Rc8 11. Nxe5 O-O 12. Nxc6 Rxc6 13. Qd3 Ng4 14. Bxe7
Qxe7 15. Nd5 Qe6 16. Qd4 Rfc8 17. Rd2 Rc4 18. Qxa7 Qxe4 19. c3 Ne5 20. Rhd1 Ra4
21. Qxb7 1-0

[Event "Open Integrale Autunno"]
[Site "Milano ITA"]
[Date "2015.09.22"]
[Round "3"]
[White "Del Frate, Walter"]
[Black "Di Paola, Antonio"]
[WhiteElo "1461"]
[BlackElo "1699"]
[Result "0-1"]
[PlyCount "58"]
[EventDate "2015.09.15"]

1. e4 c6 2. d4 d5 3. Nc3 dxe4 4. Nxe4 Nd7 5. Bc4 Ngf6 6. Ng5 e6 7. Qe2 Nb6 8.
Bd3 h6 9. N5f3 c5 10. dxc5 Bxc5 11. Bd2 O-O 12. O-O-O Bd7 13. Ne5 Qc7 14. Ngf3
a5 15. g4 Bd6 16. g5 hxg5 17. Bxg5 Be7 18. Rhg1 Nbd5 19. Bh6 Ne8 20. Bxg7 Nxg7
21. Rxg7+ Kxg7 22. Rg1+ Kh8 23. Qe4 f5 24. Ng6+ Kh7 25. Qd4 Rg8 26. Ng5+ Bxg5+
27. Rxg5 Rxg6 28. Rh5+ Rh6 29. Rg5 Qf4+ 0-1

[Event "Open Integrale Autunno"]
[Site "Milano ITA"]
[Date "2015.09.22"]
[Round "3"]
[White "Mei, Gianluca"]
[Black "Ciciotti, Augusto"]
[WhiteElo "1843"]
[BlackElo "1846"]
[Result "1/2-1/2"]
[PlyCount "118"]
[EventDate "2015.09.15"]

1. e4 c5 2. Nc3 Nc6 3. g3 g6 4. Bg2 Bg7 5. d3 e6 6. f4 Nge7 7. Nf3 Rb8 8. O-O
O-O 9. Be3 b6 10. d4 d6 11. Qd2 a6 12. Rad1 Qc7 13. Ne2 cxd4 14. Nexd4 Nxd4 15.
Bxd4 e5 16. Qc3 Qb7 17. fxe5 Nc6 18. exd6 Nxd4 19. Nxd4 Be5 20. Qc7 Bg4 21.
Qxb7 Rxb7 22. Rd2 Rd7 23. c3 Rxd6 24. Bf3 Bxf3 25. Rxf3 Rfd8 26. Rfd3 R8d7 27.
Kf2 b5 28. a3 Bg7 29. Rd1 Re7 30. Re1 Rf6+ 31. Nf3 Rfe6 32. Rd8+ Bf8 33. Ng5
Re5 34. Nxh7 Kxh7 35. Rxf8 Kg7 36. Ra8 R7e6 37. Rd8 Rxe4 38. Rxe4 Rxe4 39. Rd6
a5 40. Rd5 b4 41. Rxa5 bxc3 42. bxc3 Rc4 43. a4 Rxc3 44. Rb5 Ra3 45. a5 Kf6 46.
Rb6+ Kg5 47. a6 Kg4 48. Rf6 Ra2+ 49. Ke3 Kh3 50. Kd4 Kxh2 51. Kc5 Kxg3 52. Kb6
Rb2+ 53. Ka7 g5 54. Rxf7 g4 55. Rf6 Kh2 56. Rh6+ Kg2 57. Rb6 Rf2 58. Rg6 g3 59.
Kb7 Rf7+ 1/2-1/2

[Event "Open Integrale Autunno"]
[Site "Milano ITA"]
[Date "2015.09.22"]
[Round "3"]
[White "Mina, N. Mina"]
[Black "Bracci, Andrea"]
[WhiteElo "2166"]
[BlackElo "1918"]
[Result "1-0"]
[PlyCount "57"]
[EventDate "2015.09.15"]

1. c4 c6 2. e4 d5 3. exd5 cxd5 4. d4 Nf6 5. Nc3 Nc6 6. Bg5 dxc4 7. d5 Ne5 8.
Bxc4 h6 9. Bf4 Ng6 10. Bg3 a6 11. Nf3 b5 12. Bd3 Bb7 13. Bxg6 fxg6 14. Qd3 Bxd5
15. Nxd5 Qxd5 16. Qxg6+ Qf7 17. Qc2 Qe6+ 18. Ne5 Nh5 19. O-O g5 20. Rac1 Bg7
21. Ng6 Kf7 22. Nxh8+ Rxh8 23. Rfe1 Qd5 24. Qe2 Nf4 25. Qxe7+ Kg6 26. Bxf4 Bf6
27. Qe6 Qxe6 28. Rxe6 gxf4 29. Rcc6 1-0

[Event "Open Integrale Autunno"]
[Site "Milano ITA"]
[Date "2015.09.22"]
[Round "3"]
[White "Paolillo, Giampiero"]
[Black "La Fontana, Stefano"]
[WhiteElo "1737"]
[BlackElo "1655"]
[Result "0-1"]
[PlyCount "54"]
[EventDate "2015.09.15"]

1. e4 c5 2. Nf3 d6 3. d4 cxd4 4. Nxd4 Nf6 5. Nc3 g6 6. f3 a6 7. Be3 b5 8. Bd3
Bb7 9. Qd2 Nbd7 10. Bh6 Bxh6 11. Qxh6 Qb6 12. Nce2 Rc8 13. g4 d5 14. exd5 Bxd5
15. Rf1 Ne5 16. Qd2 O-O 17. g5 Nxd3+ 18. cxd3 Nh5 19. Nc2 Rfd8 20. b3 Qc7 21.
O-O-O Qxh2 22. f4 Be4 23. Qe3 Ba8 24. Rf2 Qh4 25. Rg1 Rxd3 26. Qxd3 Qxf2 27.
Qd2 Be4 0-1

[Event "Open Integrale Autunno"]
[Site "Milano ITA"]
[Date "2015.09.22"]
[Round "3"]
[White "Pasini, Nicolo'"]
[Black "Cantoro, Daniele"]
[WhiteElo "1862"]
[BlackElo "2130"]
[Result "0-1"]
[PlyCount "86"]
[EventDate "2015.09.15"]

1. e4 e6 2. d4 c5 3. Nf3 d5 4. exd5 exd5 5. Be3 c4 6. b3 cxb3 7. axb3 Nf6 8.
Bd3 Bd6 9. c4 O-O 10. O-O h6 11. h3 Nc6 12. Nc3 Be6 13. Qc1 Nb4 14. Be2 Bf5 15.
Bf4 Nd3 16. Bxd3 Bxd3 17. Bxd6 Qxd6 18. Nb5 Qb6 19. Re1 a6 20. Qc3 dxc4 21.
bxc4 Bxc4 22. Qxc4 axb5 23. Qb3 Rxa1 24. Rxa1 Rd8 25. Rb1 Rd5 26. Kf1 Qa6 27.
Kg1 Qa4 28. Qxa4 bxa4 29. Rxb7 Ra5 30. Rb1 Nd5 31. Kf1 a3 32. Ke2 Nf4+ 33. Kf1
a2 34. Ra1 Nd5 35. Ke2 Nf4+ 36. Kf1 Ra4 37. g3 Nd3 38. h4 Nb4 39. Ne1 Ra3 40.
Ke2 Rb3 41. Kd2 Rb1 42. Nc2 Nxc2 43. Rxa2 Nxd4 0-1

[Event "Open Integrale Autunno"]
[Site "Milano ITA"]
[Date "2015.09.22"]
[Round "3"]
[White "Pelizzola, Danilo"]
[Black "Maccari, Piergiuseppe"]
[WhiteElo "2041"]
[BlackElo "1831"]
[Result "1-0"]
[PlyCount "75"]
[EventDate "2015.09.15"]

1. e4 c5 2. Nf3 d6 3. Bb5+ Nc6 4. O-O Nf6 5. Re1 e6 6. c3 Be7 7. d4 O-O 8. Na3
d5 9. exd5 exd5 10. dxc5 Ne4 11. Nc2 Bxc5 12. Be3 Be6 13. Bxc5 Nxc5 14. Ncd4
Qb6 15. Qc2 Nxd4 16. Nxd4 Rac8 17. Rad1 Bg4 18. f3 Ne6 19. Qe2 Nxd4 20. Rxd4
Be6 21. Kf1 Qc7 22. Qe5 Qa5 23. Ba4 Rfd8 24. Bb3 h6 25. Qe3 Qc7 26. Kg1 a5 27.
Qf2 b5 28. a3 Kf8 29. Red1 Qe5 30. Qd2 g5 31. Re1 Qd6 32. Qd3 Qb6 33. Qe3 Rd7
34. h4 Qd8 35. Qe5 Kg8 36. hxg5 Qxg5 37. f4 Qg7 38. f5 1-0

[Event "Open Integrale Autunno"]
[Site "Milano ITA"]
[Date "2015.09.22"]
[Round "3"]
[White "Raxhimi, Besnik"]
[Black "Brisotto, Stefano"]
[WhiteElo "1730"]
[BlackElo "1465"]
[Result "1-0"]
[PlyCount "49"]
[EventDate "2015.09.15"]

1. e4 c5 2. Nf3 Nc6 3. d4 cxd4 4. Nxd4 e5 5. Nxc6 bxc6 6. Bc4 Nf6 7. Nc3 Bb4 8.
Bg5 O-O 9. O-O Bxc3 10. bxc3 Qa5 11. Bxf6 gxf6 12. Qf3 f5 13. exf5 d5 14. f6
Kh8 15. Bb3 Rg8 16. Rfe1 Bg4 17. Qe3 e4 18. c4 Bf3 19. g3 dxc4 20. Bxc4 Qh5 21.
Be2 Rg6 22. Qxe4 Qxh2+ 23. Kxh2 Rh6+ 24. Qh4 Rxh4+ 25. gxh4 1-0

[Event "Open Integrale Autunno"]
[Site "Milano ITA"]
[Date "2015.09.22"]
[Round "3"]
[White "Silari, Andrea"]
[Black "Tassini, Marco"]
[WhiteElo "1698"]
[BlackElo "1813"]
[Result "0-1"]
[PlyCount "70"]
[EventDate "2015.09.15"]

1. c4 e6 2. g3 f5 3. Bg2 Nf6 4. Nf3 d5 5. cxd5 exd5 6. O-O Bd6 7. d3 O-O 8. a3
Nbd7 9. b4 a5 10. b5 a4 11. Nc3 Nb6 12. Be3 Bd7 13. Bxb6 cxb6 14. Nd4 Be5 15.
e3 Ra5 16. Rb1 Qe7 17. Nxd5 Nxd5 18. Bxd5+ Kh8 19. Nf3 Bf6 20. Bc4 Qxa3 21. d4
Qd6 22. Ra1 Rfa8 23. Qd3 g6 24. Ra2 Rc8 25. Rfa1 Qb4 26. Nd2 Kg7 27. Rb1 Qd6
28. Rba1 Rca8 29. Qc2 a3 30. Qb3 h5 31. Bf1 Ra4 32. Nc4 Be6 33. Rxa3 Bxc4 34.
Rxa4 Bxb3 35. Rxa8 Bd5 0-1

[Event "Open Integrale Autunno"]
[Site "Milano ITA"]
[Date "2015.09.24"]
[Round "4"]
[White "Bracci, Andrea"]
[Black "Pelizzola, Danilo"]
[WhiteElo "1918"]
[BlackElo "2041"]
[Result "1-0"]
[PlyCount "109"]
[EventDate "2015.09.15"]

1. e4 c5 2. Nf3 Nc6 3. d4 cxd4 4. Nxd4 Nf6 5. Nc3 e5 6. Ndb5 d6 7. Bg5 a6 8.
Bxf6 gxf6 9. Na3 f5 10. Nc4 f4 11. Nd5 Be6 12. Ncb6 Rb8 13. c3 Bg7 14. Qh5 Bxd5
15. Nxd5 b5 16. g3 Ne7 17. Qg5 Nxd5 18. Qxd8+ Kxd8 19. exd5 b4 20. Bxa6 bxc3
21. bxc3 e4 22. O-O Rb6 23. Bc4 Bxc3 24. Rac1 Bd2 25. Rc2 e3 26. Kg2 Re8 27.
fxe3 fxe3 28. Kf3 Re5 29. Ke2 Ke7 30. Bb3 Rb7 31. Rf4 h5 32. Rcc4 Kf8 33. Rc6
Ke7 34. Rc8 Rg5 35. Rh8 Rc7 36. Ba4 f5 37. Rh7+ Kd8 38. Rxc7 Kxc7 39. Bc2 h4
40. Rxh4 f4 41. Rxf4 Rxd5 42. Bb3 Rg5 43. g4 d5 44. h4 Re5 45. h5 Kd6 46. h6
Bc3 47. h7 Re8 48. g5 Kc5 49. Rf5 Kd4 50. Rxd5+ Ke4 51. Rd3 Bd4 52. g6 Rf8 53.
Rxd4+ Kxd4 54. g7 Rf2+ 55. Ke1 1-0

[Event "Open Integrale Autunno"]
[Site "Milano ITA"]
[Date "2015.09.24"]
[Round "4"]
[White "Brisotto, Stefano"]
[Black "Ceraulo, Carlo Alberto"]
[WhiteElo "1465"]
[BlackElo "1456"]
[Result "1-0"]
[PlyCount "27"]
[EventDate "2015.09.15"]

1. e4 c6 2. d4 d5 3. f3 dxe4 4. fxe4 e5 5. Nf3 exd4 6. Bc4 Bb4+ 7. c3 dxc3 8.
Bxf7+ Ke7 9. Qb3 Qb6 10. bxc3 Nf6 11. cxb4 Rd8 12. Be3 Qb5 13. Bc5+ Kd7 14. Bc4
1-0

[Event "Open Integrale Autunno"]
[Site "Milano ITA"]
[Date "2015.09.24"]
[Round "4"]
[White "Cantoro, Daniele"]
[Black "Mina, N. Mina"]
[WhiteElo "2130"]
[BlackElo "2166"]
[Result "0-1"]
[PlyCount "82"]
[EventDate "2015.09.15"]

1. d4 Nf6 2. c4 g6 3. Nc3 d6 4. e4 Bg7 5. Nf3 O-O 6. h3 e5 7. d5 Na6 8. g4 c6
9. Bg5 Nc7 10. Qc2 cxd5 11. cxd5 Bd7 12. Bd3 b5 13. Ne2 Na6 14. a3 Nc5 15. b4
Na4 16. Qd2 Re8 17. Nc3 Nxc3 18. Qxc3 Nxd5 19. exd5 e4 20. Qxg7+ Kxg7 21. Bxd8
exf3+ 22. Kd2 Raxd8 23. Rhe1 Re5 24. Rxe5 dxe5 25. Rc1 f5 26. Rc7 Kf6 27. Rxa7
e4 28. Bf1 Ke5 29. Kc3 f4 30. a4 e3 31. fxe3 fxe3 32. a5 e2 33. Bxe2 fxe2 34.
Kd2 Kxd5 35. Kxe2 h5 36. gxh5 gxh5 37. h4 Kc4 38. Rc7+ Kxb4 39. a6 Bg4+ 40. Ke3
Ka5 41. a7 Kb6 0-1

[Event "Open Integrale Autunno"]
[Site "Milano ITA"]
[Date "2015.09.24"]
[Round "4"]
[White "Ciciotti, Augusto"]
[Black "Paolillo, Giampiero"]
[WhiteElo "1846"]
[BlackElo "1737"]
[Result "1/2-1/2"]
[PlyCount "142"]
[EventDate "2015.09.15"]

1. d4 d5 2. Nf3 Nf6 3. c4 e6 4. g3 Bb4+ 5. Bd2 Bxd2+ 6. Nbxd2 O-O 7. Qc2 Qe7 8.
Bg2 b6 9. O-O Bb7 10. Ne5 c5 11. dxc5 Qxc5 12. Nd3 Qe7 13. e3 Nbd7 14. cxd5
Rfc8 15. Qa4 Bxd5 16. Rac1 Bxg2 17. Kxg2 Qd6 18. Qb3 Nc5 19. Nxc5 Rxc5 20. Rxc5
Qxc5 21. Qd3 Rc8 22. Nb3 Qd5+ 23. Qxd5 Nxd5 24. Rd1 Rc2 25. Kf3 g6 26. Rd2 Rxd2
27. Nxd2 Nb4 28. a3 Nd3 29. b3 Kf8 30. Ke2 Nc5 31. e4 e5 32. f4 f6 33. Ke3 Ke7
34. b4 Nb7 35. Kd3 b5 36. Nf3 exf4 37. gxf4 Kd6 38. Nd4 a6 39. h4 h6 40. Nf3
Ke6 41. Kd4 Nd6 42. Nd2 Nb7 43. Nb3 g5 44. hxg5 hxg5 45. f5+ Kd6 46. Nd2 Nd8
47. Ke3 Nc6 48. Nf3 Ne5 49. Nd2 Nc4+ 50. Nxc4+ bxc4 51. a4 c3 52. b5 axb5 53.
a5 g4 54. a6 Kc6 55. e5 fxe5 56. f6 c2 57. Kd2 g3 58. f7 g2 59. f8=Q c1=Q+ 60.
Kxc1 g1=Q+ 61. Kc2 Qh2+ 62. Kb1 Qg1+ 63. Kc2 Qg2+ 64. Kb1 Qe4+ 65. Kb2 Qd4+ 66.
Kb1 Qd3+ 67. Kb2 Qd2+ 68. Kb1 Qd1+ 69. Kb2 Qd2+ 70. Kb1 Qd1+ 71. Kb2 Qd2+
1/2-1/2

[Event "Open Integrale Autunno"]
[Site "Milano ITA"]
[Date "2015.09.24"]
[Round "4"]
[White "Colombo, Abner"]
[Black "Ramirez Rivera, Elias Antonio"]
[WhiteElo "1307"]
[BlackElo "1704"]
[Result "0-1"]
[PlyCount "52"]
[EventDate "2015.09.15"]

1. f4 e5 2. d3 d6 3. Nf3 Nc6 4. e4 Nf6 5. Be3 Be7 6. h3 Nh5 7. f5 Ng3 8. Rg1 d5
9. Nbd2 dxe4 10. dxe4 Nxf1 11. Nxf1 Qxd1+ 12. Rxd1 Bd7 13. c3 f6 14. g4 Nd8 15.
h4 Nf7 16. g5 Nd6 17. Rg4 g6 18. Ng3 gxf5 19. exf5 Nxf5 20. Nxf5 Bxf5 21. Rc4
c6 22. a4 Be6 23. Re4 Bd5 24. Rg4 Bxf3 25. Rg1 Bxd1 26. Kxd1 f5 0-1

[Event "Open Integrale Autunno"]
[Site "Milano ITA"]
[Date "2015.09.24"]
[Round "4"]
[White "Di Paola, Antonio"]
[Black "Mei, Gianluca"]
[WhiteElo "1699"]
[BlackElo "1843"]
[Result "1/2-1/2"]
[PlyCount "68"]
[EventDate "2015.09.15"]

1. d4 e6 2. c4 f5 3. Nf3 Nf6 4. g3 c6 5. Bg2 d5 6. O-O Bd6 7. b3 Qe7 8. Bb2 b6
9. Nbd2 Bb7 10. Ne5 O-O 11. Ndf3 Ne4 12. Qc2 Rc8 13. Nd3 Nd7 14. Nfe5 a5 15. a3
c5 16. Nxd7 Qxd7 17. dxc5 Nxc5 18. Nxc5 Bxc5 19. Qd2 Rd8 20. Rfd1 Qe7 21. Qc2
Rac8 22. e3 dxc4 23. Rxd8+ Rxd8 24. Bxb7 Qxb7 25. b4 axb4 26. axb4 Bxb4 27.
Qxc4 Qe7 28. Bd4 Bc5 29. Bxc5 bxc5 30. Ra6 Kf7 31. Rc6 Rd5 32. f3 Qg5 33. Rc7+
Kg6 34. Qc3 Qf6 1/2-1/2

[Event "Open Integrale Autunno"]
[Site "Milano ITA"]
[Date "2015.09.24"]
[Round "4"]
[White "Figini, Vittorio"]
[Black "Silari, Andrea"]
[WhiteElo "1473"]
[BlackElo "1698"]
[Result "0-1"]
[PlyCount "64"]
[EventDate "2015.09.15"]

1. e4 c5 2. Nf3 Nc6 3. d4 cxd4 4. Nxd4 Nf6 5. Nc3 d6 6. h3 e5 7. Nf3 Be7 8. Be3
a6 9. Be2 O-O 10. O-O b5 11. a3 Bb7 12. Qd2 Qc7 13. Bg5 Na5 14. Bxf6 Bxf6 15.
Rad1 Be7 16. Qc1 Rac8 17. g3 Nc4 18. Nd5 Bxd5 19. Rxd5 Nb6 20. Rd2 f5 21. exf5
Rxf5 22. Qd1 Rcf8 23. Nh2 Nc4 24. Bxc4+ Qxc4 25. Qe2 Qc5 26. Ng4 Rf3 27. Kg2
Qc6 28. Kg1 e4 29. Rd4 d5 30. Ne3 Bc5 31. Nxd5 Qh6 32. Rxe4 Rxg3+ 0-1

[Event "Open Integrale Autunno"]
[Site "Milano ITA"]
[Date "2015.09.24"]
[Round "4"]
[White "La Fontana, Stefano"]
[Black "Pasini, Nicolo'"]
[WhiteElo "1655"]
[BlackElo "1862"]
[Result "0-1"]
[PlyCount "44"]
[EventDate "2015.09.15"]

1. e4 e6 2. d4 d5 3. Nd2 Nf6 4. e5 Nfd7 5. Bd3 c5 6. c3 Nc6 7. Ne2 Qb6 8. Nf3
f6 9. Nf4 fxe5 10. Nxe5 Ndxe5 11. dxe5 g6 12. Qe2 Bg7 13. Bb5 O-O 14. Bxc6 bxc6
15. Nh3 Ba6 16. Qg4 Rf5 17. f4 Qb5 18. a4 Qb3 19. Qd1 Qc4 20. g4 Rff8 21. Qc2
Bxe5 22. Bd2 Qe2# 0-1

[Event "Open Integrale Autunno"]
[Site "Milano ITA"]
[Date "2015.09.24"]
[Round "4"]
[White "Maccari, Piergiuseppe"]
[Black "Alidosi, Marco"]
[WhiteElo "1831"]
[BlackElo "1759"]
[Result "1-0"]
[PlyCount "97"]
[EventDate "2015.09.15"]

1. Nf3 Nf6 2. g3 g6 3. Bg2 Bg7 4. O-O O-O 5. d4 d6 6. c4 a5 7. Nc3 c6 8. Bf4
Na6 9. e4 Nd7 10. Qe2 e5 11. dxe5 dxe5 12. Bg5 f6 13. Be3 Qe7 14. Rfd1 Ndc5 15.
Nd2 Be6 16. Nb3 Nxb3 17. axb3 Nc5 18. Qc2 Rfb8 19. Na4 Nxa4 20. bxa4 Qf7 21.
Bf1 b5 22. cxb5 cxb5 23. Bxb5 Bb3 24. Qc6 Rc8 25. Rd7 Rxc6 26. Rxf7 Rc2 27. Rb7
Be6 28. Rc1 Rac8 29. Rxc2 Rxc2 30. Bd3 Rc8 31. Kg2 Bf8 32. Bb6 Bb4 33. Ra7 Bc5
34. Ra6 Bb3 35. Bb5 Bb4 36. Bxa5 Bxa5 37. Rxa5 Rc2 38. Bd7 Rd2 39. Rb5 Bc2 40.
Bc6 Rd6 41. Bd5+ Kg7 42. a5 f5 43. f3 Kh6 44. Rb6 Rd7 45. a6 Ra7 46. b4 Bd3 47.
exf5 Bxa6 48. fxg6 hxg6 49. Be4 1-0

[Event "Open Integrale Autunno"]
[Site "Milano ITA"]
[Date "2015.09.24"]
[Round "4"]
[White "Mingolla, Patrizio"]
[Black "Arena, Ignazio"]
[WhiteElo "1641"]
[BlackElo "1490"]
[Result "1/2-1/2"]
[PlyCount "60"]
[EventDate "2015.09.15"]

1. e4 c5 2. Nf3 Nc6 3. d4 cxd4 4. Nxd4 e5 5. Nb3 Nf6 6. Nc3 Bb4 7. Bd3 d5 8.
exd5 Nxd5 9. Bd2 Nxc3 10. bxc3 Bd6 11. O-O O-O 12. Qh5 g6 13. Qf3 Qc7 14. Bh6
Re8 15. Qf6 Bf8 16. Bxf8 Rxf8 17. Rad1 Re8 18. Qg5 e4 19. Bb5 Re5 20. Qf4 Qe7
21. Bxc6 bxc6 22. a4 Bf5 23. Nd4 Bd7 24. Rb1 c5 25. Rb7 cxd4 26. Rxd7 Qxd7 27.
Qxe5 dxc3 28. Qxe4 Re8 29. Qf4 Re2 30. Rb1 Kg7 1/2-1/2

[Event "Open Integrale Autunno"]
[Site "Milano ITA"]
[Date "2015.09.24"]
[Round "4"]
[White "Nicolo', Filippo"]
[Black "Tassini, Marco"]
[WhiteElo "2030"]
[BlackElo "1813"]
[Result "1-0"]
[PlyCount "57"]
[EventDate "2015.09.15"]

1. e4 c5 2. Nc3 Nc6 3. Bb5 d6 4. Bxc6+ bxc6 5. d3 g6 6. f4 Bg7 7. Nf3 d5 8. e5
e6 9. O-O Ne7 10. Na4 Qa5 11. c4 dxc4 12. dxc4 O-O 13. b3 Nf5 14. Bd2 Qc7 15.
Nxc5 Qb6 16. b4 a5 17. a3 Rd8 18. Qe1 Bf8 19. Qf2 Rxd2 20. Nxd2 axb4 21. axb4
Rxa1 22. Rxa1 Qxb4 23. Nce4 c5 24. g4 Nd4 25. Qh4 Kg7 26. Qf6+ Kg8 27. Ng5 Qb7
28. Ra8 h6 29. Rxc8 1-0

[Event "Open Integrale Autunno"]
[Site "Milano ITA"]
[Date "2015.09.24"]
[Round "4"]
[White "Spada, Maurizio"]
[Black "Del Frate, Walter"]
[WhiteElo "1611"]
[BlackElo "1461"]
[Result "1-0"]
[PlyCount "139"]
[EventDate "2015.09.15"]

1. e4 e6 2. d4 d5 3. exd5 exd5 4. Nf3 Nf6 5. Bg5 Bd6 6. Bd3 O-O 7. O-O Bg4 8.
c3 Nbd7 9. Nbd2 c6 10. Re1 Qc7 11. h3 Bh5 12. Qc2 Rae8 13. Bxf6 Nxf6 14. Ng5
Bg6 15. Bxg6 hxg6 16. Nf1 Bf4 17. Nf3 Ne4 18. Ne3 Re7 19. Ng4 Rfe8 20. Nge5 c5
21. Nd3 Bd6 22. dxc5 Nxc5 23. Rxe7 Rxe7 24. Nb4 Re8 25. Nxd5 Qd7 26. c4 Ne4 27.
Rd1 Qc6 28. Re1 f5 29. Nd2 b5 30. Nxe4 fxe4 31. Rxe4 bxc4 32. Rxe8+ Qxe8 33.
Qxc4 Qe1+ 34. Qf1 Qe5 35. Qd1 Qh2+ 36. Kf1 Qh1+ 37. Ke2 Qxg2 38. Ne3 Qc6 39.
Qd5+ Qxd5 40. Nxd5 Kf7 41. b3 Ke6 42. Ne3 Bc5 43. Kf3 Ke5 44. Kg4 Be7 45. Nc4+
Kf6 46. Ne3 Ke5 47. Ng2 g5 48. Ne3 Bf6 49. Nc4+ Kd5 50. Kf5 Kc5 51. Ne3 Kb4 52.
Nd5+ Ka3 53. Nxf6 gxf6 54. Kxf6 Kxa2 55. Kxg5 Kxb3 56. f4 a5 57. f5 a4 58. f6
a3 59. f7 a2 60. f8=Q a1=Q 61. Qf7+ Kb4 62. Qf4+ Kb5 63. h4 Qg7+ 64. Kf5 Qf7+
65. Kg4 Qa2 66. Qf5+ Kc6 67. h5 Kd6 68. Qf8+ Kd7 69. h6 Qe6+ 70. Qf5 1-0

[Event "Open Integrale Autunno"]
[Site "Milano ITA"]
[Date "2015.09.29"]
[Round "5"]
[White "Alidosi, Marco"]
[Black "La Fontana, Stefano"]
[WhiteElo "1759"]
[BlackElo "1655"]
[Result "1-0"]
[PlyCount "99"]
[EventDate "2015.09.15"]

1. d4 Nf6 2. Nf3 g6 3. Bf4 Bg7 4. h3 O-O 5. e3 c5 6. c3 d5 7. Bd3 Nc6 8. Nbd2
Re8 9. O-O a6 10. a4 c4 11. Bc2 Bd7 12. e4 dxe4 13. Nxe4 Nd5 14. Bh2 Bf5 15.
Re1 e5 16. dxe5 Nxe5 17. Nxe5 Bxe5 18. Bxe5 Rxe5 19. Qd4 Re8 20. Qxc4 Nb6 21.
Qb3 Kg7 22. Rad1 Qc7 23. Qa2 Nc4 24. b3 Bxe4 25. Bxe4 Nd6 26. Qc2 Nxe4 27. Rxe4
Rxe4 28. Qxe4 Qxc3 29. Qxb7 Re8 30. Rf1 a5 31. Qd5 Rb8 32. Rd1 Rxb3 33. Rd4
Qe1+ 34. Kh2 Rb4 35. Qxa5 Rb1 36. Qxe1 Rxe1 37. Kg3 Kf6 38. f4 h5 39. Kf2 Ra1
40. g4 hxg4 41. hxg4 Ra3 42. Rd6+ Ke7 43. Ra6 f6 44. a5 f5 45. Rxg6 fxg4 46. a6
Rf3+ 47. Kg2 Rxf4 48. a7 Ra4 49. Kf2 Kd8 50. Rg8+ 1-0